<?xml version="1.0" encoding="UTF-8"?>
<record
    xmlns:xsi="http://www.w3.org/2001/XMLSchema-instance"
    xsi:schemaLocation="http://www.loc.gov/MARC21/slim http://www.loc.gov/standards/marcxml/schema/MARC21slim.xsd"
    xmlns="http://www.loc.gov/MARC21/slim">

  <leader>01300nas a2200253 a 4500</leader>
  <controlfield tag="005">20250925101039.0</controlfield>
  <controlfield tag="007">ta</controlfield>
  <controlfield tag="008">250127e2017    dr |n|p|r||||||0| | spa d</controlfield>
  <datafield tag="040" ind1=" " ind2=" ">
    <subfield code="a">DO-SdBNP</subfield>
    <subfield code="c">DO-SdBNP</subfield>
    <subfield code="e">rda</subfield>
  </datafield>
  <datafield tag="041" ind1=" " ind2=" ">
    <subfield code="h">spa</subfield>
  </datafield>
  <datafield tag="110" ind1="1" ind2=" ">
    <subfield code="a">Rep&#xFA;blica Dominicana.</subfield>
    <subfield code="b">Ministerio de Industria Comercio y Mipymes</subfield>
    <subfield code="9">78175</subfield>
  </datafield>
  <datafield tag="245" ind1=" " ind2=" ">
    <subfield code="a">El monitor de industria y comercio :</subfield>
    <subfield code="b">01 / </subfield>
    <subfield code="c">Ministerio de Industria, Comercio y Mipymes, MICM.</subfield>
  </datafield>
  <datafield tag="264" ind1=" " ind2=" ">
    <subfield code="a">Santo Domingo, Rep&#xFA;blica Dominicana :</subfield>
    <subfield code="b">Ministerio de Industria, Comercio y Mipymes, MICM :</subfield>
    <subfield code="b">Viceministerio de Desarrollo Industrial,</subfield>
    <subfield code="c">2017.</subfield>
  </datafield>
  <datafield tag="300" ind1=" " ind2=" ">
    <subfield code="a">volumen : </subfield>
    <subfield code="b">ilustraciones, gr&#xE1;ficas, tablas ; </subfield>
    <subfield code="c">25 cm.</subfield>
    <subfield code="e">folleto (1er. di&#xE1;logo de pol&#xED;tica industrial </subfield>
  </datafield>
  <datafield tag="336" ind1=" " ind2=" ">
    <subfield code="a">texto </subfield>
    <subfield code="b">txt</subfield>
    <subfield code="2">rdacontent</subfield>
  </datafield>
  <datafield tag="337" ind1=" " ind2=" ">
    <subfield code="a">computer</subfield>
    <subfield code="b">c</subfield>
    <subfield code="2">rdamedia</subfield>
  </datafield>
  <datafield tag="338" ind1=" " ind2=" ">
    <subfield code="a">online resource</subfield>
    <subfield code="b">cr</subfield>
    <subfield code="2">rdacarrier</subfield>
  </datafield>
  <datafield tag="362" ind1=" " ind2=" ">
    <subfield code="a">No. 1. octubre 2017.</subfield>
  </datafield>
  <datafield tag="500" ind1=" " ind2=" ">
    <subfield code="a">El numero 1, 0ctubre 2017. incluye un folleto acompa&#xF1;ante en la revista.</subfield>
  </datafield>
  <datafield tag="650" ind1=" " ind2="0">
    <subfield code="a">Integraci&#xF3;n regional</subfield>
    <subfield code="9">86915</subfield>
    <subfield code="v">Publicaciones seriadas </subfield>
    <subfield code="z">Rep&#xFA;blica Dominicana</subfield>
  </datafield>
  <datafield tag="651" ind1=" " ind2="0">
    <subfield code="a">Rep&#xFA;blica Dominicana</subfield>
    <subfield code="v">Publicaciones seriadas </subfield>
    <subfield code="x">Comercio exterior</subfield>
    <subfield code="9">78065</subfield>
  </datafield>
  <datafield tag="856" ind1=" " ind2=" ">
    <subfield code="u">https://opacbiblioteca.intec.edu.do/opac-tmpl/files/recursoselectronicos/MIC-El Monitor01Octubre2017.pdf</subfield>
    <subfield code="y">Acceso a Texto Completo</subfield>
  </datafield>
  <datafield tag="942" ind1=" " ind2=" ">
    <subfield code="2">ddc</subfield>
    <subfield code="c">ISSUE</subfield>
  </datafield>
  <datafield tag="952" ind1=" " ind2=" ">
    <subfield code="0">0</subfield>
    <subfield code="1">0</subfield>
    <subfield code="2">ddc</subfield>
    <subfield code="4">0</subfield>
    <subfield code="5">6</subfield>
    <subfield code="7">0</subfield>
    <subfield code="8">SE</subfield>
    <subfield code="a">BNPHU</subfield>
    <subfield code="b">BNPHU</subfield>
    <subfield code="d">2025-01-27</subfield>
    <subfield code="h">No. 1. octubre 2017</subfield>
    <subfield code="l">0</subfield>
    <subfield code="p">2025-0449</subfield>
    <subfield code="r">2025-01-27</subfield>
    <subfield code="t">e.1</subfield>
    <subfield code="w">2025-01-27</subfield>
    <subfield code="y">ISSUE</subfield>
  </datafield>
  <datafield tag="952" ind1=" " ind2=" ">
    <subfield code="0">0</subfield>
    <subfield code="1">0</subfield>
    <subfield code="2">ddc</subfield>
    <subfield code="4">0</subfield>
    <subfield code="5">6</subfield>
    <subfield code="7">0</subfield>
    <subfield code="8">SE</subfield>
    <subfield code="a">BNPHU</subfield>
    <subfield code="b">BNPHU</subfield>
    <subfield code="d">2025-01-27</subfield>
    <subfield code="h">No. 1. octubre 2017</subfield>
    <subfield code="l">0</subfield>
    <subfield code="p">2025-0450</subfield>
    <subfield code="r">2025-01-27</subfield>
    <subfield code="t">e.2</subfield>
    <subfield code="w">2025-01-27</subfield>
    <subfield code="y">ISSUE</subfield>
  </datafield>
  <datafield tag="952" ind1=" " ind2=" ">
    <subfield code="0">0</subfield>
    <subfield code="1">0</subfield>
    <subfield code="2">ddc</subfield>
    <subfield code="4">0</subfield>
    <subfield code="5">6</subfield>
    <subfield code="7">0</subfield>
    <subfield code="8">SE</subfield>
    <subfield code="a">BNPHU</subfield>
    <subfield code="b">BNPHU</subfield>
    <subfield code="d">2025-01-27</subfield>
    <subfield code="h">No. 1. octubre 2017</subfield>
    <subfield code="l">0</subfield>
    <subfield code="p">2025-0451</subfield>
    <subfield code="r">2025-01-27</subfield>
    <subfield code="t">e.3</subfield>
    <subfield code="w">2025-01-27</subfield>
    <subfield code="y">ISSUE</subfield>
  </datafield>
  <datafield tag="952" ind1=" " ind2=" ">
    <subfield code="0">0</subfield>
    <subfield code="1">0</subfield>
    <subfield code="2">ddc</subfield>
    <subfield code="4">0</subfield>
    <subfield code="5">6</subfield>
    <subfield code="7">0</subfield>
    <subfield code="8">SE</subfield>
    <subfield code="a">BNPHU</subfield>
    <subfield code="b">BNPHU</subfield>
    <subfield code="d">2025-01-27</subfield>
    <subfield code="h">No. 2. abril 2018</subfield>
    <subfield code="l">0</subfield>
    <subfield code="p">2025-0452</subfield>
    <subfield code="r">2025-01-27</subfield>
    <subfield code="t">e.1</subfield>
    <subfield code="w">2025-01-27</subfield>
    <subfield code="y">ISSUE</subfield>
  </datafield>
  <datafield tag="952" ind1=" " ind2=" ">
    <subfield code="0">0</subfield>
    <subfield code="1">0</subfield>
    <subfield code="2">ddc</subfield>
    <subfield code="4">0</subfield>
    <subfield code="5">6</subfield>
    <subfield code="7">0</subfield>
    <subfield code="8">SE</subfield>
    <subfield code="a">BNPHU</subfield>
    <subfield code="b">BNPHU</subfield>
    <subfield code="d">2025-01-27</subfield>
    <subfield code="h">No. 4. junio 2019</subfield>
    <subfield code="l">0</subfield>
    <subfield code="p">2025-0453</subfield>
    <subfield code="r">2025-01-27</subfield>
    <subfield code="t">e.1</subfield>
    <subfield code="w">2025-01-27</subfield>
    <subfield code="y">ISSUE</subfield>
  </datafield>
  <datafield tag="952" ind1=" " ind2=" ">
    <subfield code="0">0</subfield>
    <subfield code="1">0</subfield>
    <subfield code="2">ddc</subfield>
    <subfield code="4">0</subfield>
    <subfield code="5">6</subfield>
    <subfield code="7">0</subfield>
    <subfield code="8">SE</subfield>
    <subfield code="a">BNPHU</subfield>
    <subfield code="b">BNPHU</subfield>
    <subfield code="d">2025-01-27</subfield>
    <subfield code="h">No. 4. junio 2019</subfield>
    <subfield code="l">0</subfield>
    <subfield code="p">2025-0454</subfield>
    <subfield code="r">2025-01-27</subfield>
    <subfield code="t">e.2</subfield>
    <subfield code="w">2025-01-27</subfield>
    <subfield code="y">ISSUE</subfield>
  </datafield>
  <datafield tag="952" ind1=" " ind2=" ">
    <subfield code="0">0</subfield>
    <subfield code="1">0</subfield>
    <subfield code="2">ddc</subfield>
    <subfield code="4">0</subfield>
    <subfield code="5">6</subfield>
    <subfield code="7">0</subfield>
    <subfield code="8">SE</subfield>
    <subfield code="a">BNPHU</subfield>
    <subfield code="b">BNPHU</subfield>
    <subfield code="d">2025-01-27</subfield>
    <subfield code="h">No. 4. junio 2019</subfield>
    <subfield code="l">0</subfield>
    <subfield code="p">2025-0455</subfield>
    <subfield code="r">2025-01-27</subfield>
    <subfield code="t">e.3</subfield>
    <subfield code="w">2025-01-27</subfield>
    <subfield code="y">ISSUE</subfield>
  </datafield>
  <datafield tag="952" ind1=" " ind2=" ">
    <subfield code="0">0</subfield>
    <subfield code="1">0</subfield>
    <subfield code="2">ddc</subfield>
    <subfield code="4">0</subfield>
    <subfield code="5">6</subfield>
    <subfield code="7">0</subfield>
    <subfield code="8">SE</subfield>
    <subfield code="a">BNPHU</subfield>
    <subfield code="b">BNPHU</subfield>
    <subfield code="d">2025-01-29</subfield>
    <subfield code="h">No. 2. abril 2018</subfield>
    <subfield code="l">0</subfield>
    <subfield code="p">2025-0565</subfield>
    <subfield code="r">2025-01-29</subfield>
    <subfield code="t">e.2</subfield>
    <subfield code="w">2025-01-29</subfield>
    <subfield code="y">ISSUE</subfield>
  </datafield>
  <datafield tag="952" ind1=" " ind2=" ">
    <subfield code="0">0</subfield>
    <subfield code="1">0</subfield>
    <subfield code="2">ddc</subfield>
    <subfield code="4">0</subfield>
    <subfield code="5">6</subfield>
    <subfield code="7">0</subfield>
    <subfield code="8">SE</subfield>
    <subfield code="a">BNPHU</subfield>
    <subfield code="b">BNPHU</subfield>
    <subfield code="d">2025-01-29</subfield>
    <subfield code="h">No. 2. abril 2018</subfield>
    <subfield code="l">0</subfield>
    <subfield code="p">2025-0566</subfield>
    <subfield code="r">2025-01-29</subfield>
    <subfield code="t">e.3</subfield>
    <subfield code="w">2025-01-29</subfield>
    <subfield code="y">ISSUE</subfield>
  </datafield>
  <datafield tag="999" ind1=" " ind2=" ">
    <subfield code="c">58087</subfield>
    <subfield code="d">58087</subfield>
  </datafield>
</record>
